Optimal electricity pricing under NEPA's commercialization policy /
Saved in:
| Main Author: | |
|---|---|
| Format: | Book |
| Language: | English |
| Published: |
Ibadan :
Nigerian Institute of Social and Economic Research,
[1989]
|
| Series: | N.I.S.E.R. monograph series ;
1989, no. 5. |
| Subjects: | |
| Tags: |
Add Tag
No Tags, Be the first to tag this record!
|
| LEADER | 00941nam a2200277 a 4500 | ||
|---|---|---|---|
| 001 | 002041900-7 | ||
| 005 | 20020606093309.7 | ||
| 008 | 930304s1989 nr d b 000 0 eng d | ||
| 010 | |a 90216983 | ||
| 020 | |a 978181120X | ||
| 035 | 0 | |a ocm22908379 | |
| 040 | |a InU |c InU |d DLC | ||
| 042 | |a lccopycat | ||
| 043 | |a f-nr--- | ||
| 050 | 1 | 4 | |a HD9688.N54 |b N543 1989 |
| 100 | 1 | |a Ayodele, A. ʾSesan. | |
| 245 | 1 | 0 | |a Optimal electricity pricing under NEPA's commercialization policy / |c A. ʾSesan Ayodele. |
| 260 | |a Ibadan : |b Nigerian Institute of Social and Economic Research, |c [1989] | ||
| 300 | |a 57 p. : |b charts ; |c 23 cm. | ||
| 490 | 1 | |a NISER monograph series ; |v no. 5, 1989 | |
| 504 | |a Includes bibliographical references (p. 56-57). | ||
| 610 | 1 | 0 | |a Nigeria. |b National Electric Power Authority. |
| 650 | 0 | |a Electric utilities |z Nigeria |x Rates. | |
| 830 | 0 | |a N.I.S.E.R. monograph series ; |v 1989, no. 5. | |
| 988 | |a 20020608 | ||
| 906 | |0 OCLC | ||


